Paroles - Axelle Bauer et Zazie A ma place - Statistiques

Statistiques générales
  • Ce quiz a été pris 106 fois
  • Le résultat moyen est 240 sur 355
Statistiques - réponses
Réponse % Correct
à
100%
ma
100%
place
100%
place?
100%
me
98%
de
95%
que
95%
Que
95%
ce
93%
Ce
93%
Je
93%
je
93%
(Je
93%
Se
93%
se
93%
Au
92%
au
92%
(Au
92%
tu
92%
là?
90%
la
90%
pas
88%
pas)
88%
pas?
88%
le
86%
Le
86%
pour
86%
Pour
86%
veux
83%
81%
81%
(Où
81%
et
80%
Et
80%
Mais
80%
suis
76%
(Ne
75%
ne
75%
Quand
75%
quand
75%
moi)
73%
moi
73%
Plus
73%
plus
73%
sois
71%
peu
69%
fasse
68%
fasse?
68%
Faut-il
68%
faut-il
68%
mes
68%
bien
66%
elle
66%
qu'on
66%
m'aime
64%
toi
64%
toi)
64%
faire
63%
du
61%
mourir
61%
Qu'il
61%
qu'il
61%
combat
59%
en
59%
est
59%
être
59%
forte
59%
homme
59%
met-il
59%
qu'un
59%
roi
59%
Les
58%
l'ombre
58%
te
58%
m'abandonne
56%
même
56%
n'attends
56%
reine
56%
seulement
56%
Seulement
56%
noient
54%
nous
54%
comprennes
53%
jusque
53%
lui
53%
met-elle
53%
Serait-elle
53%
Vivre
53%
aller
51%
ces
51%
dormir
51%
îles
51%
m'aimes
51%
pardonne
51%
peut-il
51%
qu'elle
51%
un
51%
Un
51%
(Un
51%
voit
51%
bois
49%
cette
49%
plaire
49%
sommes
49%
bout
47%
quelquefois
47%
y
47%
d'où
46%
l'enfer,
46%
veut
46%
j'y
44%
Mon
44%
mon
44%
impasses
42%
moitié
42%
parvienne
42%
belle
41%
femme
41%
sous
41%
aime
39%
rien)
39%
âme
37%
demande
37%
Veux-tu
37%
veux-tu
37%
cherche
36%
poids
36%
sœur
36%
ailes
34%
aussi
34%
encore
34%
(Encore
34%
fait
34%
l'erreur
34%
plie
34%
Plie
34%
silence
34%
froissent
32%
trop
32%
cède?
31%
face
31%
longue
31%
mort
31%
route
31%
saigne?
31%
vers
31%
viens)
31%
as
29%
attends
29%
glace
29%
peur
29%
tien
29%
eaux
27%
effort)
27%
fond
27%
Qu'aurais-tu
27%
traîne
27%
vas
27%
vide
27%
parfois
25%
porte
25%
regarder
25%
troubles
25%
doute
24%
doute,
24%
geste,
24%
l'effort,
24%
saches
24%
sang
24%
sorte
24%
tenter
24%
(Tout
24%
caches)
22%
t'apprenne
22%
D'ouvrir
20%
Pourrait-il
20%
tombe
20%
serait-ce
19%
vraiment
17%
(Ferait-elle
15%
Aucun quiz correspondant
Distribution des résultats
% des personnes avec chaque résultat
Percentile par nombre de réponses
Votre historique - résultats
Vous n’avez pas pris ce quiz